Género y teoría del derecho

Enregistré dans:
Détails bibliographiques
Auteur principal: West, Robin (Auteur)
Format: Livre
Langue:espagnol
Publié: Bogotá Siglo del Hombre 2000
Collection:Colección Nuevo Pensamiento Jurídico. Serie Temas
Sujets:
Tags: Ajouter un tag
Pas de tags, Soyez le premier à ajouter un tag!

MARC

LEADER 00000nam a2200000 a 4500
001 UCN1726
003 CL-VaPUC
008 010504e20000000CK |||||||||||||||||spa|d
082 0 4 |a 340.1  |b WES  |2 21 
100 0 |a West, Robin  |e author  |9 457011 
245 1 0 |a Género y teoría del derecho 
300 |a 177 p 
942 |c BK 
945 |d 20010504 00:00:00  |a vberengu 
260 |a Bogotá  |b Siglo del Hombre  |c 2000 
650 0 |a Teoría del derecho  |9 255982 
650 0 |a Igualdad  |9 258477 
650 0 |a Mujer  |9 255613 
650 0 |a Igualdad ante la ley  |9 382454 
583 |a last modification  |c 20010504 00:00:00  |k Rodrigo Vera 
490 0 |a Colección Nuevo Pensamiento Jurídico. Serie Temas 
999 |c 294959  |d 294957 
952 |0 0  |1 0  |4 0  |6 340_100000000000000_WES_2000  |7 0  |8 DER_TF  |9 347729  |a BIBDER  |b BIBDER  |d 2019-11-20  |i 3712524  |o 340.1 WES 2000  |p 3712524  |r 2019-11-20  |w 2019-11-20  |x Ubicación 4to Piso  |y BK  |z Estos recursos deben solicitarse con anticipación  |k DER